000 00634nam a2200181 a 4500
001 000042900
005 20201002040502.0
008 140212s1972 sp a 000 0 spa d
040 _aDO-SdBNP
_bspa
_cBNPHU
082 _axxxxxx
_bxxxxxx
100 1 _aIgnacio, León,
_d1919-
_970348
245 1 0 _aCorpus de Sangre en Barcelona :
_bcrónica de la rebelión de los segadores, 1640 /
_cLeón Ignacio.
260 _aBarcelona, :
_bEdiciones 29,
_c1972.
300 _a186 p. :
_bil. ;
_c19 cm.
490 1 _aBrumas de españa
_v2
500 _aIncluye datos biográficos del autor en la contracubierta
830 0 _aBrumas de españa
_n2
_970349
999 _c42389
_d42389